000 00472nam a2200181Ia 4500
005 20250326130232.0
008 250326s9999 xx 000 0 und d
037 _aTextbook
040 _aFMSL
_beng
_cFMSL
041 _aeng
_2eng
084 _aX:74 L4
_qFMSL
100 _aGupta D
245 0 _aBusiness and management in India
_cGupta D
260 _aLondon
_bLondon, Vikas
_c1974
300 _a291p
942 _cTB
_hX:74 L4
999 _c1281587
_d1281587